000 00819nam a2200241 i 4500
003 IT-RoINE
005 20200204084250.0
008 960719s1996 sp | r ||| |bspa d
020 _a8488756054
040 _aSpMaBN
_cSpMaBN IT-RoINE
100 1 _916237
_aRepetto Betes, José Luis,
_d1936-
245 1 _aSan Juan Grande :
_bsemblanza biográfica con motivo de su canonización /
_cJosé Luis Repetto Betes.
260 _aMadrid :
_bFundación Juan Ciudad,
_c[1996]
300 _a190 p. ;
_c21 cm.
336 _2rdacontent
_atext
337 _2rdamedia
_aunmediated
338 _2rdacarrier
_avolume
490 1 _aBiografías ;
_v3
504 _aBibliografía: p. 187-190
600 0 4 _aJuan Grande,
_cSanto,
_d1546-1600
_xBiografía
_9407
830 0 _aBiografías (Fundación Juan Ciudad) ;
_v3
_96184
942 _cMTS
999 _c11389
_d11389